000
00273nam a2200097 a 4500
005
20200930080458.0
008
121010s2011 000 spa d
245
0
_a
Historia de la telegrafía y readiotelegrafía en Guatemala.
260
_a
Guatemala,
_c
2011.
999
_c
37119
_d
37119
040
_a
DO-SdBNP